II Jornada de portes obertes a l'esport
Descripción Física:
72 p. ; 30 cm
MARC
| LEADER | 00000nam a2200000Ia 4500 | ||
|---|---|---|---|
| 001 | 15372 | ||
| 003 | BGR | ||
| 005 | 20260324175618.0 | ||
| 008 | 160829s9999 xx 000 0 cat d | ||
| 080 | |a P-1-42 | ||
| 111 | |a Jornada de Portes Obertes a l'Esport per a Tothom a la Província de Barcelona |9 71201 |c (Barcelona : |d 2003) | ||
| 245 | |a II Jornada de portes obertes a l'esport | ||
| 260 | |a [Barcelona] : |b Diputació de Barcelona, Xarxa de Municipis, [Àrea d'Esports], [2003] | ||
| 300 | |a 72 p. ; |c 30 cm | ||
| 590 | |a A la coberta: Portes obertes a l'esport, 10 i 11 de maig de 2003 ... ; Agrupació Territorial de Consells Esportius de Barcelona | ||
| 650 | 0 | |a Esports |z Barcelona (Catalunya : Província) |9 34361 | |
| 710 | |a Barcelona (Catalunya : Província). |b Àrea d'Esports |9 53827 | ||
| 710 | 2 | |a Agrupació Territorial de Consells Esportius de Barcelona |9 70131 | |
| 901 | |a Arxiu | ||
| 942 | |n 1 |2 udc |c MON | ||
| 952 | |0 0 |1 0 |4 0 |6 P142 |7 1 |9 46782 |a Arxiu |b Arxiu |d 2016-12-01 |l 0 |o P-1-42 |p 15372 |r 2016-12-01 00:00:00 |w 2016-12-01 |y ARXIU | ||
| 999 | |c 50575 |d 50575 | ||